Adivinhe a cidade pelo time da cidade (Brasil) - Statistics

Estatísticas Gerais
  • Esse quiz foi jogado 101 vezes
  • A pontuação média é 25 de 30
Estatísticas das Respostas
Time Cidade % Correto
Atletico Mineiro Belo Horizonte
100%
Flamengo Rio de Janeiro
100%
São Paulo São Paulo
100%
Cuiabá Cuiabá
98%
Bahia Salvador
98%
Fortaleza Fortaleza
97%
Atletico Go Goiania
97%
Gremio Porto Alegre
96%
Santos Santos
95%
Chapecoense Chapeco
94%
Sport Recife
94%
Bragantino Braganca Paulista
92%
Santo André Santo André
91%
Criciúma Criciúma
89%
Joinville Joinville
88%
São Caetano São Caetano do Sul
88%
Athletico Curitiba
87%
Ipatinga Ipatinga
85%
Londrina Londrina
83%
Paysandu Belem
80%
Juventude Caxias do Sul
77%
Figueirense Florianopolis
77%
ABC Natal
76%
Guarani Campinas
74%
CSA Maceio
74%
Operario MS Campo Grande
69%
ASA Arapiraca
66%
Paulista Jundiai
64%
Brasiliense Taguatinga
27%
Villa Nova Nova Lima
25%
Nenhum quiz correspondente encontrado
Distribuição das Pontuações
Porcentagem de Pessoas com Cada Pontuação
Percentil de Números Respondidos
Sua Pontuação Histórica
Você não jogou esse quiz